Six pays les plus proches - Cuba - Statistiques

Statistiques générales
  • Ce quiz a été pris 156 fois
  • Le résultat moyen est 4 sur 6
Statistiques - réponses
km pays % Correct
149 États-Unis
74%
85 Haïti
74%
146 Jamaïque
69%
255 République Dominicaine
62%
197 Mexique
61%
89 Bahamas
52%
Aucun quiz correspondant
Distribution des résultats
% des personnes avec chaque résultat
Percentile par nombre de réponses
Votre historique - résultats
Vous n’avez pas pris ce quiz